000 00969cam a2200253 i 4500
001 1353790148
003 OSt
005 20250613120534.0
008 221208s2022 sz a o 001 0 eng d
020 _z9783031196522 (paperback)
040 _aGW5XE
_beng
_erda
_cGW5XE
_dNUST
050 4 _aTL789.8.SIV
100 1 _aSivolella, Davide
_eAuthor
245 1 4 _aThe untold stories of the Space Shuttle Program :
_bunfulfilled dreams and missions that never flew /
_cDavide Sivolella.
260 _aUnited Kingdom :
_bPraxis Publishing,
_c2022.
300 _axiii, 343 pages :
_bIllustrations ;
_c24 cm.
336 _atext
_btxt
_2rdacontent
337 _acomputer
_bc
_2rdamedia
338 _aonline resource
_bcr
_2rdacarrier
504 _aIncludes bibliographical references and index.
650 0 _vSpace shuttles -- United States -- History.
650 0 _vSpace Shuttle Program (U.S.) -- History.
942 _2lcc
_cBOOKS
_hTL789.8.U6 SIV
_kTL
_mSIV
_n0
999 _c171638
_d171638